| 000 | 00410nam a2200169Ia 4500 | ||
|---|---|---|---|
| 005 | 20240823043503.0 | ||
| 008 | 240823s9999||||xx |||||||||||||| ||und|| | ||
| 041 | _aENGLISH | ||
| 082 | _A540 N0 | ||
| 100 | _aMohan K M | ||
| 245 | 0 | _aEngineering Chemistry | |
| 250 | _a2nd | ||
| 260 |
_c1990 _b"Pratheeba,Coimbatore" |
||
| 500 | _aTRANSFERED | ||
| 650 |
_aEngineering Chemistry _bChemistry |
||
| 942 | _cBK | ||
| 999 |
_c210339 _d210339 |
||